| 000 | 00390cam a22001097a 4500 | ||
|---|---|---|---|
| 008 | 180718b1965-66 xxu||||| |||| 00| 0 eng d | ||
| 082 | _aP068x5442 M278/1965-66 | ||
| 245 |
_aReport of the Second Educational survey of Maharashtra State _cby State of Education Department |
||
| 260 |
_aPoona _bDirectorate of Education _c1965-66 |
||
| 300 | _a188p. | ||
| 700 | _aMaharashtra.Education Department | ||
| 999 |
_c494465 _d494465 |
||